000 01224nam a2200241Ia 4500
003 Ost
005 20260507074904.0
008 260507s9999||||xx |||||||||||||| ||und||
040 _cfsecg
041 _aara
082 _a350
100 _aصالح، نادية حمدي
_eمؤلف
245 0 _aالإدارة البيئية :
_bالمبادئ والممارسات /
_c نادية حمدي صالح
260 _aالقاهرة:
_bمنشورات المنظمة العربية للتنمية الإدارية,
_c2003
300 _a283 صفحة؛
_bإيضاحات ؛
_c25 سم
490 _aسلسلة بحوث ودراسات
_v381
520 _aيضم البيئة والتنمية المستدامة المفاهيم والعلقات المتبادلة، نظام الإدارة البيئية كأداة لتحقيق التنمية المستدامة، التنظيم المؤسسي للبيئة وبناء الهياكل التنظيمية الداعمة، جودة البيئة والمواصفات القياسية للجودة، البيئة عبر الحدود
653 _aالإدارة
653 _aالإيزو- البيئة
653 _aالبيئة
653 _aالتنمية
942 _cكتاب
999 _c41677
_d41677